| 000 | 00329nam a2200097Ia 4500 | ||
|---|---|---|---|
| 008 | 220120s9999||||xx |||||||||||||| ||und|| | ||
| 100 |
_aVinay, T and Charan, A.G _912307 |
||
| 245 | 0 | _aAnticollision detuction for trains with auto break systems | |
| 260 |
_aCoorg Institute of Technology _bPonnampet _c2008 |
||
| 650 | _aCOMPUTER SCIENCE | ||
| 999 |
_c137893 _d137893 |
||